| 000 | 00392nam a2200145Ia 4500 | ||
|---|---|---|---|
| 008 | 230917s9999||||xx |||||||||||||| ||und|| | ||
| 040 |
_e207036 _aMAIN |
||
| 041 | _aEnglish | ||
| 082 | _a809.89287 M278C | ||
| 100 | _aMahabir, Joy, ed. | ||
| 245 | 0 | _aCritical perspectives on Indo- caribbean women's literature | |
| 260 |
_aNew York _bRoutledge _c2013 |
||
| 300 | _ax, 274 p. | ||
| 942 | _cBK | ||
| 999 |
_c174586 _d174586 |
||